Výzva Hnutia kresťanských pedagógov kresťanským rodičom na Slovensku

Bibliographic Details
Main Author: Harantová, Oľga (Author)
Format: Article
Language:Slovak
Subjects:

MARC

LEADER 00000nab a2200000 a 4500
001 vtls000406360
003 SK-MaSNL
005 20260303160701.0
008 230223c1990 xo 0 slo
015 |a SNBRB19rr/mm-uuuuu 
035 |a CL0406484 
035 |a urn:nbn:sk:snk-ab1saa 
035 |a (urnnbn)urn:nbn:sk:snk:ar-a00bne 
035 |a (uuid)25a4e3f9-9297-4e2e-a4e1-96e789309a83 
040 |a SNKBUCL  |b slo  |c SNKBUCL  |e AACR2 
041 0 |a slo 
044 |a xo  |c SK 
080 |a 37:23/28  |2 1981 
080 |a 23/28  |2 1981 
080 |a 37  |2 1981 
100 1 |a Harantová, Oľga  |4 aut  |9 1181810 
245 1 0 |a Výzva Hnutia kresťanských pedagógov kresťanským rodičom na Slovensku  |c Oľga Harantová 
650 0 7 |a Hnutie kresťanských pedagógov  |2 snkbucl  |9 1181811 
655 7 |a články z novín a časopisov  |2 snkbucl  |9 267496 
773 0 |t Rodina a škola  |g Roč. 37, č. 10 (1990), s. 18 
850 |a Slovenská národná knižnica v Martine  |a MTA001 
852 |a SNK  |b KIS3GCP 
954 |a odborná, vedecká literatúra pôvodná (slovenská)  |2 lita 
958 |a RK 
958 |a OND 
958 |a EUIPO 
958 |a article27 
992 |a RBX 
999 |c 2046921  |d 2048851